| 000 | 00870 a2200193 4500 | ||
|---|---|---|---|
| 003 | NUST | ||
| 005 | 20230704120903.0 | ||
| 010 | _a 75135633 | ||
| 020 | _a0536006350 | ||
| 040 | _cNust | ||
| 082 | 0 | 0 | _a512.7,WOL |
| 100 | 1 |
_aWolf, Frank L. _9113297 |
|
| 245 | 1 | 0 |
_aNumber systems and their uses / _cFrank L. Wolf. |
| 260 |
_aWaltham, Mass., _bXerox College Pub. _c[1971] |
||
| 300 |
_axiv, 591 p.; _billus. _c24 cm. |
||
| 505 | _aIntroduction(Page-1), Set and Set Operations(Page-23), Relations (Page-49), Functions(Page-64), Operations(Page-88), The Natural Numbers(Page-115), The Systems Of Integers (Page-242), The Rational Number System (Page-297), Sequences(Page-375), The Systems of Real Number (Page-403), Some Uses of The Real Number (Page-438), Transfinite Arithmetic(Page-482). | ||
| 650 | 0 |
_aArithmetic _xFoundations. _939087 |
|
| 942 |
_2ddc _cBK _k512.7,WOL |
||
| 999 |
_c182154 _d182154 |
||